|
|
|
|
| LEADER |
01312nam a22003494a 4500 |
| 001 |
33185 |
| 003 |
BD-DhAAL |
| 005 |
20180607105223.0 |
| 008 |
180607r20052004nyua b 001 0 eng |
| 999 |
|
|
|c 39345
|d 39345
|
| 010 |
|
|
|a 2004061543
|
| 020 |
|
|
|a 0679454438 (alk. paper)
|
| 020 |
|
|
|a 0739458477
|
| 020 |
|
|
|a 9790739458470
|
| 040 |
|
|
|a DLC
|c DLC
|d DLC
|d BD-DhAAL
|
| 042 |
|
|
|a pcc
|
| 050 |
0 |
0 |
|a QC20
|b .P366 2005
|
| 082 |
0 |
0 |
|a 530.1
|2 22
|
| 100 |
1 |
|
|a Penrose, Roger
|9 26183
|
| 245 |
1 |
4 |
|a The road to reality :
|b a complete guide to the laws of the universe /
|c Roger Penrose.
|
| 250 |
|
|
|a First American edition
|
| 260 |
|
|
|a New York :
|b A.A. Knopf,
|c c2004 [reprinted 2005]
|
| 300 |
|
|
|a xxviii, 1099 pages :
|b illustrations ;
|c 25 cm.
|
| 500 |
|
|
|a Originally published: London : Jonathan Cape, 2004.
|
| 504 |
|
|
|a Includes bibliographical references (pages 1050-1085) and index.
|
| 526 |
|
|
|a MNS
|
| 541 |
|
|
|a STS International
|e 33185
|
| 650 |
|
0 |
|a Mathematical physics
|9 26184
|
| 650 |
|
0 |
|a Physical laws
|9 26185
|
| 852 |
|
|
|a Ayesha Abed Library
|c General Stacks
|
| 942 |
|
|
|2 ddc
|c BK
|
| 952 |
|
|
|0 0
|1 0
|2 ddc
|4 0
|6 530_100000000000000_PEN
|7 0
|9 63498
|a BRACUL
|b BRACUL
|c GEN
|d 2018-06-05
|e STS International
|g 2550.00
|l 6
|m 66
|o 530.1 PEN
|p 3010033185
|q 2026-05-17
|r 2026-04-27
|s 2026-04-27
|t 1
|v 2550.00
|w 2018-06-05
|y BK
|